British Prime Ministers' First Names Quiz Stats

 Plays Quiz Updated Jul 12, 2016

Challenge
Share
Tweet
Embed
Score 0/53 Timer 05:00
12 Plays Today
Surname First Name % Correct
BlairTony
97.1%
EdenAnthony
97%
StuartJohn
97%
RussellJohn
97%
Major John
97%
BrownJames (Gordon)
96.6%
Lloyd GeorgeDavid
96.2%
CameronDavid
96.2%
GrenvilleGeorge or William
95.9%
ThatcherMargaret
95.9%
ChurchillWinston
95%
WilsonJames (Harold)
94.5%
CavendishWilliam
94%
Pitt (the Elder)William
94%
Petty-FitzMauriceWilliam
94%
Cavendish-BentinckWilliam
94%
Pitt (the Younger)William
94%
LambWilliam
94%
GladstoneWilliam
94%
MayTheresa
92.4%
MacDonaldJames (Ramsay)
91.8%
CallaghanLeonard (James)
91.3%
Chamberlain(Arthur) Neville
86.6%
HeathEdward
84.9%
DisraeliBenjamin
81.6%
WalpoleRobert
81.1%
JenkinsonRobert
81.1%
Surname First Name % Correct
PeelRobert
81.1%
Gascoyne-Cecil (Talbot)Robert
81.1%
MacmillanMaurice or Harold
80.4%
Smith-StanleyEdward
79.5%
CanningGeorge
76.6%
Hamilton-GordonGeorge
76.6%
PelhamHenry
72.2%
AddingtonHenry
72.2%
TempleHenry
72.2%
Campbell-BannermanHenry
72.2%
AttleeClement
72%
Douglas-HomeAlexander
68.6%
WellesleyArthur
64.9%
BalfourArthur
64.9%
LawAndrew (Bonar)
60.1%
BaldwinStanley
59%
Watson-WentworthCharles
53.7%
GreyCharles
53.7%
Asquith Herbert
46.3%
Pelham-HollesThomas
44.8%
ComptonSpencer
41.6%
PercevalSpencer
41.6%
NorthFrederick
26.1%
RobinsonFrederick
26.1%
PrimroseArchibald
14.6%
FitzroyAugustus
11.6%

You're not logged in!

Compare scores with friends on all Sporcle quizzes.
Join for Free
OR
Log In

You Might Also Like...

Show Comments

Extras

Top Quizzes Today


Score Distribution

Your Account Isn't Verified!

In order to create a playlist on Sporcle, you need to verify the email address you used during registration. Go to your Sporcle Settings to finish the process.

Report this User

Report this user for behavior that violates our Community Guidelines.

Details: